La tía Julia y el escribidor
Gorde:
| Egile nagusia: | |
|---|---|
| Formatua: | Liburua |
| Hizkuntza: | gaztelania |
| Argitaratua: |
Barcelona
Seix Barral
1984
|
| Saila: | Biblioteca de Bolsillo
|
| Gaiak: | |
| Etiketak: |
Etiketa erantsi
Etiketarik gabe, Izan zaitez lehena erregistro honi etiketa jartzen!
|
MARC
| LEADER | 00000nam a2200000 a 4500 | ||
|---|---|---|---|
| 001 | UCN0926 | ||
| 003 | CL-VaPUC | ||
| 008 | 010406e19840000SP |||||||||||||||||spa|d | ||
| 082 | 0 | 4 | |a Pe863 |b VAR |2 21 |
| 100 | 0 | |a Vargas LLosa, Mario |e author |9 318800 | |
| 245 | 1 | 3 | |a La tía Julia y el escribidor |
| 300 | |a 447 p | ||
| 942 | |c BK | ||
| 945 | |d 20010406 00:00:00 |a vberengu | ||
| 260 | |a Barcelona |b Seix Barral |c 1984 | ||
| 650 | 7 | |a NOVELAS PERUANAS |2 CL-VaPUC |9 456304 | |
| 650 | 0 | |a Literatura peruana |9 257452 | |
| 583 | |a last modification |c 20010406 00:00:00 |k Rodrigo Vera | ||
| 490 | 0 | |a Biblioteca de Bolsillo | |
| 999 | |c 294538 |d 294536 | ||
| 952 | |0 0 |1 0 |4 0 |6 PE_863_000000000000000_VAR_1984 |7 0 |8 A |9 347030 |a FDOPOS |b FDOPOS |d 2019-11-20 |i 3710998 |o Pe863 VAR 1984 |p 3710998 |r 2025-01-22 |w 2019-11-20 |y BK |k MLH | ||